/المشروع الحضاري العربي بين التراث والحضارة (Record no. 14222)
[ view plain ]
| 000 -الفاتح | |
|---|---|
| حقل البيانات ثابتة الطول | 01241nam a22002057a 4500 |
| 008 - عناصر البيانات ثابتة الطول - معلومات عامة | |
| حقل البيانات ثابتة الطول | 100627s2002 jo|||||r|||| 100 0 ara d |
| 082 ## - رقم تصنيف ديوى العشرى | |
| رقم الطبعة | 22 |
| رقم المادة | م ش ر |
| رقم التصنيف | 306.0956 |
| 245 ## - بيان العنوان | |
| العنوان | /المشروع الحضاري العربي بين التراث والحضارة |
| بيان المسئوليه,etc | خالد الكريكي [وآخ ...] ؛ مراجعة وتقديم فهمي جدعان ؛ تحرير غسان إسماعيل عبد الخالق |
| 260 ## - PUBLICATION, DISTRIBUTION, ETC. (IMPRINT) | |
| مكان الناشر او الموزع | عمان، الأردن ك |
| اسم الناشر او الموزع | مؤسسة عبد الحميد شومان ، 2002 |
| تاريخ النشر أو التوزيع | 2002 |
| 300 ## - الوصف المادى | |
| التعداد | 466 ص ؛ |
| أبعاد الوعاء | 24 سم |
| 490 ## - بيان السلسلة | |
| -- | 15239 |
| عنوان السلسلة | ؛ حوارات في الفكر العربي ا لمعاصر |
| رقم المجلد/ التعيين التسلسلي | 4 |
| 541 ## - تبصرة المصدر المباشر للتزويد | |
| مصدر التزويد | المؤسسة العربية للدراسات ؛ |
| طريقة التزويد | شراء ؛ |
| 650 ## - المدخل الاضافى بالموضوع-مصطلح موضوعى | |
| 9 (RLIN) | 13400 |
| مصطلح موضوعي أو اسم جغرافي كعنصر مدخل | الثقافة العربية |
| 651 ## - المدخل الاضافى بالموضوع - اسم جغرافى | |
| 9 (RLIN) | 15242 |
| الاسم الجغرافي | العالم العربي |
| التقسيم الفرعي العام | الأحوال الثقافية |
| 700 ## - المدخل الاضافى - اسم شخصى | |
| 9 (RLIN) | 15243 |
| الإسم الشخصى | الكركي، خالد |
| 700 ## - المدخل الاضافى - اسم شخصى | |
| 9 (RLIN) | 15244 |
| الإسم الشخصى | ؛ جدعان، فهمي |
| الدور | مراجعة وتقديم |
| 700 ## - المدخل الاضافى - اسم شخصى | |
| 9 (RLIN) | 15245 |
| الإسم الشخصى | عبد الخالق، غسان إسماعيل |
| الدور | تحرير |
| 942 ## - عناصر المدخل الإضافي( كوها) | |
| مصدر التصنيف او مخطط الترفيف | Dewey Decimal Classification |
| Koha [default] item type | Book - Borrowing |
| حالة التراجع | حالة الفقد | مصدر التصنيف او خطة الترفيف | حالة تلف | ليس للاعارة | مجموعات كوها | المكان الدائم | المكان الحالي | موقع الترفيف | تاريخ الاكتساب | Source of acquisition | سعر الشراء الطبيعي | تعداد مسلسل / التسلسل الزمني | رقم الاستدعاء | الباركود | Date last seen | نوع الوعاء |
|---|---|---|---|---|---|---|---|---|---|---|---|---|---|---|---|---|
| Dewey Decimal Classification | M. Arabic Studies | Central Library | Central Library | First floor | 27/06/2010 | Purchase | 63.00 | 1 | 306.0956 م ش ر | 000021214 | 15/07/2025 | Book - Borrowing |